000 00614nam a2200217Ii 4500
003 JO-AjNU
008 230605s9999||||xx |||||||||||||| ||und||
017 _a2004/4/811
040 _aJO-AjNU
_bara
_erda
_cJO-AjNU
041 _aara
050 1 4 _aRC81 2005
100 3 _aعبدالله ، محمد محمود,
_eauthor
_935743
245 0 0 _aلكل داء دواء
250 _aط1
264 3 1 _aعمان:دار رواد ، 2005
300 _a80ص
336 _atext
_btxt
_2rdacontent
337 _aunmediated
_bn
_2rdamedia
338 _avolume
_bnc
_2rdacarrier
650 4 _aالطب الشعبي
_935744
999 _aA14786
_c18354
_d18354